Music Quiz

Random Music or Song Quiz

The Doors Songs Quiz Stats

 Plays Quiz Updated Feb 20, 2020

     
Support Sporcle.
Go Orange.
Score 0/62 Timer 10:00
12 Plays Today
Album Song % Correct
The DoorsLight My Fire
88%
L.A. WomanL.A. Woman
87.5%
The DoorsThe End
79.5%
The DoorsBreak On Through (To the Other Side)
77.5%
Strange DaysStrange Days
73.7%
Strange DaysPeople Are Strange
72.2%
L.A. WomanRiders on the Storm
71%
Morrison HotelWaiting for the Sun
70.7%
The Soft ParadeThe Soft Parade
65.1%
The Soft ParadeTouch Me
61.2%
Morrison HotelRoadhouse Blues
59.3%
The DoorsAlabama Song (Whisky Bar)
58.4%
The DoorsThe Crystal Ship
58.1%
Waiting for the SunHello, I Love You
57.1%
Strange DaysLove Me Two Times
56.5%
Morrison HotelPeace Frog
55.4%
L.A. WomanLove Her Madly
51.5%
The DoorsSoul Kitchen
49.2%
The DoorsBack Door Man
48.9%
Strange DaysWhen the Music's Over
48.7%
Waiting for the SunFive to One
46%
Waiting for the SunThe Unknown Soldier
44.7%
The DoorsTwentieth Century Fox
43.7%
Strange DaysMoonlight Drive
42.4%
Waiting for the SunLove Street
41%
Waiting for the SunSpanish Caravan
39.8%
L.A. WomanThe WASP (Texas Radio and the Big Beat)
39.4%
L.A. WomanThe Changeling
35.1%
The DoorsEnd of the Night
34.9%
Waiting for the SunNot to Touch the Earth
33.6%
Strange DaysHorse Latitudes
32.4%
Album Song % Correct
The Soft ParadeTell All the People
32.3%
L.A. WomanHyacinth House
32%
The DoorsTake It as It Comes
31.6%
Morrison HotelIndian Summer
31.4%
Strange DaysYou're Lost Little Girl
30.1%
The Soft ParadeWild Child
29.7%
L.A. WomanL'America
29.2%
Morrison HotelLand Ho!
29.2%
L.A. WomanCrawling King Snake
28.6%
Morrison HotelBlue Sunday
28.5%
L.A. WomanCars Hiss By My Window
28.5%
Morrison HotelThe Spy
27.5%
Morrison HotelMaggie M'Gill
27.1%
Waiting for the SunWintertime Love
27%
The DoorsI Looked at You
26.6%
The Soft ParadeRunnin' Blue
26.4%
The Soft ParadeWishful Sinful
26.3%
Morrison HotelShip of Fools
26.2%
The Soft ParadeShaman's Blues
26.2%
L.A. WomanBeen Down So Long
26.1%
Morrison HotelQueen of the Highway
25.2%
Waiting for the SunSummer's Almost Gone
25.1%
Strange DaysMy Eyes Have Seen You
24.4%
Waiting for the SunYes, the River Knows
24%
Strange DaysUnhappy Girl
23.4%
Waiting for the SunMy Wild Love
23.3%
Strange DaysI Can't See Your Face in My Mind
22.7%
The Soft ParadeDo It
20.9%
The Soft ParadeEasy Ride
20.7%
Morrison HotelYou Make Me Real
20.7%
Waiting for the SunWe Could Be So Good Together
18.7%

From the Vault

Same Name Trios V

by nspyred

Common Name Problems: Hearing your name across a crowded room, turning, and then realizing they were talking to someone else.
Remove Ads.
Support Sporcle.
Get the best of Sporcle when you Go Orange. This ad-free experience offers more features, more stats, and more fun while also helping to support Sporcle. Thank you for becoming a member.

Show Comments

Extras

Top Quizzes Today


Score Distribution

Your Account Isn't Verified!

In order to create a playlist on Sporcle, you need to verify the email address you used during registration. Go to your Sporcle Settings to finish the process.

Report this User

Report this user for behavior that violates our Community Guidelines.

Details: